Inflace a její náklady.
Pokus o zhrnutie ekonomických a spoločenských nákladov inflácie, t.j. negatívnych dôsledkov, ktoré dopadajú na výrobcov a spotrebiteľov. Potlačené náklady, skrytá a otvorená inflácia. Problém otvorenej inflácie. Rozlíšenie dôsledkov jej očakávaného a neočakávaného prejavu. Zdôvodnenie neexistencie e...
Salvato in:
| Autore principale: | |
|---|---|
| Altri autori: | |
| Natura: | Capitolo di libro |
| Lingua: | ceco |
| Soggetti: | |
| Tags: |
Nessun Tag, puoi essere il primo ad aggiungerne!!
|
MARC
| LEADER | 00000naa a2200000 4500 | ||
|---|---|---|---|
| 001 | r004523 | ||
| 005 | 20221125080920.4 | ||
| 041 | 0 | |a cze | |
| 044 | |a [CS] | ||
| 245 | 1 | 0 | |a Inflace a její náklady. |c A. Bulíř, Jiří Jonáš |
| 520 | |a Pokus o zhrnutie ekonomických a spoločenských nákladov inflácie, t.j. negatívnych dôsledkov, ktoré dopadajú na výrobcov a spotrebiteľov. Potlačené náklady, skrytá a otvorená inflácia. Problém otvorenej inflácie. Rozlíšenie dôsledkov jej očakávaného a neočakávaného prejavu. Zdôvodnenie neexistencie ex ante spoločensky optimálnej miery inflácie. | ||
| 610 | 2 | 0 | |a inflácia |
| 610 | 2 | 0 | |a náklady |
| 610 | 2 | 0 | |a analýza ekonomická |
| 100 | 1 | |a Bulíř, Aleš | |
| 700 | 1 | |a Jonáš, Jiří | |